000 03257cam a2200181 4500500
005 20251228145125.0
041 _afre
042 _adc
100 1 0 _aBretonès, Daniel
_eauthor
700 1 0 _aPluchart, Jean-Jacques
_eauthor
245 0 0 _aSILBERZAHN P., ROUSSET B. Stratégie modèle mental : Cracker enfin le code des organisations pour le remettre en mouvement, Eds Diateino,223 pages, 2019
260 _c2020.
500 _a65
520 _aLa Chine en tant qu’État présente une durée exceptionnelle : un bimillénaire. Elle a connu deux régimes, le premier sous forme d’Empire a été fondé en -202 avant JC et a eu une longue existence à travers une vingtaine de dynasties, se terminant en 1919 avec la chute de l’Empire. Le second régime a été créé le 1er octobre 1949 par Mao Tsé-toung qui a lancé à Pékin, devant la Cité Interdite, la République Populaire de Chine (RPC). De même, la Chine a subi, entre les deux régimes, une époque marquée par une occupation occidentale, semi coloniale, ainsi que par des luttes entre factions chinoises se disputant des morceaux de territoires. Mao Tsé-toung, jeune homme, était rendu furieux par la situation désespérée de son pays. Il n’a pas adhéré à la révolution démocratique promue par un médecin chinois, Sun Yat Sen, fondateur de la République de Chine. Il était attiré par la révolution menée en Union Soviétique. Il a adhéré au Parti Communiste Chinois (PCC) créé en 1921 dans lequel, par sa personnalité et par sa connaissance des armes, il s’est affirmé comme un leader susceptible de combattre les opposants au communisme. Cet article décrit l’historique de la politique chinoise depuis Mao Tsé-toung afin d’y expliquer comme corroléaire la puissance économique actuelle de la Chine de Xi Jinping.
520 _aChina as a state has an exceptional duration : two thousand years. It went through two regimes, the first in Empire form was founded in -202 BC and had a long existence through twenty dynasties, ending in 1919 with the fall of the Empire. The second regime was created on October 1, 1949, by Mao Tse-tung who launched in Beijing, in front of the Forbidden City, the People’s Republic of China (PRC). Likewise, between the two regimes, China has undergone a period marked by a Western, semi-colonial occupation, as well as by struggles between Chinese factions competing for pieces of territory. Mao Tse-tung, a young man, was enraged by the desperate situation of his country. He did not join the democratic revolution promoted by a Chinese doctor, Sun Yat Sen, founder of the Republic of China. He was drawn to the revolution in the Soviet Union. He joined the Chinese Communist Party (CCP) created in 1921 in which, by his personality and his knowledge of arms, he established himself as a leader capable of fighting opponents of communism. This article describes the history of the Chinese policy of Mao Tse-tung in order to explain as correlative the current economic power of China.
786 0 _nVie & sciences de l'entreprise | 209 | 1 | 2020-06-04 | p. 183a-192a | 2262-5321
856 4 1 _uhttps://shs.cairn.info/revue-vie-et-sciences-de-l-entreprise-2020-1-page-183a?lang=fr&redirect-ssocas=7080
999 _c1608701
_d1608701